Zborník príspevkov k Metodologickým otázkam plánovania rozvoja oblastí

Guardado en:
Detalles Bibliográficos
Formato: Libro
Lenguaje:eslovaco
Publicado: Bratislava Výskumný ústav oblastného plánovania 1987
Edición:1. vyd.
Etiquetas: Agregar Etiqueta
Sin Etiquetas, Sea el primero en etiquetar este registro!

MARC

LEADER 00000nam a2200000 4500
001 c024082
005 20221219095626.2
041 0 |a slo 
044 |a SK 
245 1 0 |a Zborník príspevkov k Metodologickým otázkam plánovania rozvoja oblastí 
250 |a 1. vyd. 
264 1 |a Bratislava  |b Výskumný ústav oblastného plánovania  |c 1987 
300 |a 210 s.